| 000 | 00514nam a22001577a 4500 | ||
|---|---|---|---|
| 008 | 161121b xxu||||| |||| 00| 0 eng d | ||
| 050 | _aKZ21.B7(1967 vol.42) | ||
| 245 |
_aThe British year book of international law 1967. / _cedited by Humphrey Waldock and R.Y. Jennings. |
||
| 260 |
_aLondon: _bOxford University Press, _c1969. |
||
| 300 |
_aviii, 378p: _c24cm. |
||
| 440 |
_pBritish yearbook. _vvol.42 |
||
| 500 | _aIncludes index. | ||
| 800 | _aWaldock, Humphrey | ||
| 800 | _aJennings, R.Y. | ||
| 942 |
_2lcc _cBK |
||
| 999 |
_c6143 _d13643 |
||